000 00289 a2200133 4500
001 194763
040 _cMagnum
100 _aQuintiliano, Eliú
240 1 0 _aAmanda e os Nanorobôs
_lpor
245 1 0 _aAmanda e os Nanorobôs
300 _a494
697 _aLITERATURA GERAL
942 _cBK
999 _c194763
_d194763